|
|
|
|
| LEADER |
00000nam a2200000 a 4500 |
| 001 |
vtls001291361 |
| 003 |
SK-MaSNL |
| 005 |
20260301113538.0 |
| 008 |
240315s1958 xx 0 und |
| 035 |
|
|
|a SNK000243032
|
| 040 |
|
|
|a SNK
|b slo
|c SNK
|e AACR2
|
| 100 |
0 |
|
|a Platón,
|d 427 pred Kr.-347 pred Kr
|4 aut
|9 46332
|
| 245 |
1 |
|
|a Faidros
|
| 260 |
|
|
|a Praha
|b Československý spisovatel
|c 1958
|
| 300 |
|
|
|a 81 s.
|
| 999 |
|
|
|c 714652
|d 716582
|
| 952 |
|
|
|t P60, <04>, [BOOK], {604}
|a SNK
|b SNK
|y NEVYP
|7 0
|p 17A0074905
|o snkID 21595 D1
|0 0
|1 1
|4 0
|d 1997-06-19
|l 0
|r 2005-01-02 00:00:00
|w 2026-02-23
|
| 952 |
|
|
|t P60, <04>, [BOOK], {604}
|a SNK
|b SNK
|y VYP
|7 0
|p 17A0123932
|o snkID 21595
|0 0
|1 0
|4 0
|d 1998-02-14
|l 0
|r 2005-01-02 00:00:00
|w 2026-02-23
|